Statistics for Word Chain - Cities in Europe

Click here to take the quiz!

General Stats

  • This quiz has been taken 70 times
  • The average score is 22 of 26

Answer Stats

HintAnswer% Correct
City in which Oktoberfest was first celebratedMunich
98%
The city of loveParis
98%
Fashion capital of ItalyMilan
97%
The capital of the largest country in the world (by area)Moscow
97%
Capital of the Czech RepublicPrague
97%
Scottish city which gets the second most overseas visitors in the UKEdinburgh
95%
Home to the second oldest university in the worldOxford
95%
City voted second most bike-friendly in the world, falling only behind CopenhagenAmsterdam
94%
City home to the first democracy in the worldAthens
94%
Financial center of GermanyFrankfurt
94%
Birthplace of pizzaNaples
94%
ABBA's home townStockholm
94%
Second most populous city in Switzerland and the largest French speaking oneGeneva
90%
German city which has the most bridges of any city in the worldHamburg
90%
In 1913, Adolf Hitler, Sigmund Freud and Joseph Stalin all lived in this city at the same timeVienna
89%
City in which the Warsaw pact was signedWarsaw
85%
Polish port city with the German name of DanzigGdansk
84%
City of Archduke Franz Ferdinand's assassination, sparking WW1Sarajevo
84%
Capital of AlbaniaTirana
84%
Dutch city with very similar name to New York neighborhoodHaarlem
82%
Most populous former Soviet city not in RussiaKyiv
79%
German city on the Rhine which has the world's largest digital clockDüsseldorf
77%
Host of the 1920 Summer OlympicsAntwerp
65%
English city home to the largest stadium in the UK, also the second largest in EuropeWembley
65%
Northernmost city in the world with a population over 1 millionSaint Petersburg
60%
Highest altitude capital city in EuropeAndorra la Vella
56%

Score Distribution

Percentile by Number Answered

Percent of People with Each Score

Your Score History

You have not taken this quiz